| 000 | 01234cam a22003617a 4500 | ||
|---|---|---|---|
| 003 | CHAP | ||
| 005 | 20220329141418.0 | ||
| 008 | 971013s1987 r 00010 d | ||
| 010 | _a67743 | ||
| 011 | _a68715 | ||
| 035 | _a78188 | ||
| 040 | _cCHAP | ||
| 082 |
_a582.15 _bG4 1987 |
||
| 100 | 0 | 0 |
_aGeerling, Chris. _947393 |
| 245 | 0 | _aGuide de terrain des ligneux saheliens et soudans-guinéens | |
| 250 | _a2. ed. | ||
| 260 |
_aWageningen : _bAgricultural University, _c1987 |
||
| 300 |
_a340 p. _b: ilus. |
||
| 490 | 0 |
_aAgricultural University Wageningen Papers _v; 87-4 |
|
| 590 |
_aBATCH-UPD _b10 _c20130109 _lUCH01 _h2310 |
||
| 590 |
_aBATCH-UPD _b10 _c20130109 _lUCH01 _h2348 |
||
| 590 |
_aBATCH-UPD _b10 _c20130110 _lUCH01 _h0759 |
||
| 590 |
_aBATCH-UPD _b10 _c20130410 _lUCH01 _h0438 |
||
| 590 |
_aBATCH-UPD _b10 _c20130913 _lUCH01 _h2158 |
||
| 590 |
_aCONVERSION _b10 _c20130109 _lUCH01 _h1337 |
||
| 650 | 1 | 4 |
_aPlantas leñosas _xAfrica. _989019 |
| 650 | 1 | 4 |
_aPlantas leñosas _xShael. _989028 |
| 650 | 1 | 4 |
_aPlantas leñosas _xSudán. _989029 |
| 830 | 0 |
_aAgricultural University Wageningen Papers _v; 87-4 _92116 |
|
| 901 | _aBK | ||
| 942 | _cLIBRO | ||
| 949 |
_a582.15 G4 1987 _bBC _cLIBRO _d33724000453007 _eLIBRO _h73892 _i78188 _mD _si |
||
| 999 |
_c67743 _d67743 |
||